Revitalizácia administratívnej budovy ZDA

Salvato in:
Dettagli Bibliografici
Autore principale: Julínek, Kristián (Autore)
Altri autori: Paňák, Pavel (Relatore della tesi)
Natura: Manoscritto Libro
Lingua:slovacco
Pubblicazione: 2025
Soggetti:
Accesso online:http://is.stuba.sk/zp/portal_zp.pl?podrobnosti=185542
Tags: Aggiungi Tag
Nessun Tag, puoi essere il primo ad aggiungerne!!

MARC

LEADER 00000ntm a22000003a 4500
001 stuzp104915
003 SK-STU
005 20250607210929.4
007 ta
008 150427s2015----xo-----f-mn---000-0-slo-d
040 |a STU  |b slo 
041 0 |a slo 
100 1 |a Julínek, Kristián  |u 051110  |4 aut  |U FAD Fakulta architektúry a dizajnu  |T FAD Ústav architektúry obytných budov  |X 103822  |U A1110  |Y 392  |7 103822 
242 0 1 |a Revitalization of the ZDA administrative building  |y eng 
245 1 0 |a Revitalizácia administratívnej budovy ZDA 
260 |c 2025 
650 4 |a Boletice panel  |2 eng 
650 4 |a revitalization  |2 eng 
650 4 |a administrative building  |2 eng 
650 4 |a boletický panel  |2 slo 
650 4 |a revitalizácia  |2 slo 
650 4 |a administratívny objekt  |2 slo 
700 1 |a Paňák, Pavel  |u 051110  |k Z1  |4 ths  |U FAD Fakulta architektúry a dizajnu  |T FAD Ústav architektúry obytných budov  |X 70322  |U A1110  |Y 392  |7 A000070322 
856 4 |u http://is.stuba.sk/zp/portal_zp.pl?podrobnosti=185542